00449nam a2200133Ia 4500082001900000245013500019260003300154300001900187504000800206650003600214650002600250700001800276700002100294 aRR 463.21 SPA- 0aSpanish-English, English-Spanish dictionary: a new concise of words and phrases basic to the written and spoken languages of today aNew YorkbPocket Booksc1960 axxxviii, 251p. aRef aSpanish language - Dictionaries aDictionaries, Spanish aBond, Otto F. aCastillo, Carlos